000 00751nam a2200289Ia 4500
005 20260324112542.0
008 008 260324s9999 xx 000 0 eng d
020 _a9781003437604
037 _aEBOOK
040 _aCRL
040 _beng
040 _cCRL
041 _2eng
041 _aeng
084 _qCRL
100 _aEdward Majewski; Konrad Stasiczak; Sonia Huderek-Glapska; Ɓukasz Olipra; Wojciech Augustyniak
_91143170
245 0 _aAir Transportation Industry
245 0 _bHistory and Developments
260 _bTaylor and Francis
260 _c2024
365 _a
365 _b210
856 _uhttp://www.taylorfrancis.com/books/9781003437604
942 _cEBOOK
999 _c1732422
_d1732422